| 000 | 00870nam a2200265Ia 4500 | ||
|---|---|---|---|
| 999 |
_c2632 _d2632 |
||
| 007 | ta | ||
| 008 | 190805s2022||||ii a|||gr|||| ||1 | eng|d | ||
| 020 |
_a9789354641985 _cRs. 949.00 |
||
| 040 |
_aKO _beng |
||
| 041 | 0 | _aeng | |
| 044 | _aii | ||
| 082 | 0 | 4 |
_a658.05 _bT841 _223 |
| 100 | 1 | _aTurban, Efraim | |
| 245 | 1 | 0 |
_aInformation Technology for Management: Driving Digital Transformation to Increase Local and Global Performance, Growth and Sustainability / _cEfraim Turban, Carol Pollard and Gregory Wood; Indian adaptation by O. P. Wali |
| 250 | _a12th ed. | ||
| 260 |
_aNew Delhi : _bWiley India Pvt. Ltd, _c2022 |
||
| 300 |
_axxiii, 606 p. _b : col. ill. _c; 28 cm. |
||
| 650 | 0 |
_aManagement information systems _vTextbooks |
|
| 700 | 1 | _aPollard, Carol | |
| 700 | 1 | _aWood, Gregory | |
| 904 | _aA_BOSE | ||
| 905 | _aR_RANJAN | ||
| 942 | _cBK | ||